Dzielnice Krakowa - Statystyki

Ogólne statystyki
  • Ten quiz został rozwiązany 698 razy
  • Średni wynik to 9 z 18
Statystyki odpowiedzi
Numer Dzielnicy Nazwa Dzielnicy % Poprawnych
XVIII Nowa Huta
86%
I Stare Miasto
81%
IV Prądnik Biały
68%
III Prądnik Czerwony
68%
VI Bronowice
65%
XII Bieżanów - Prokocim
62%
XIII Podgórze
61%
V Krowodrza
56%
IX Łagiewniki - Borek Fałęcki
51%
XV Mistrzejowice
44%
XIV Czyżyny
40%
II Grzegórzki
40%
VIII Dębniki
39%
VII Zwierzyniec
39%
XVII Wzgórza Krzesławickie
33%
XVI Bieńczyce
32%
X Swoszowice
29%
XI Podgórze Duchackie
26%
Nie znaleziono quizów pasujących do podanych kryteriów
Rozkład punktacji
Procent ludzi z każdym wynikiem
Percentyl według liczby udzielonych odpowiedzi
Twoja historia wyników
Nie rozwiązałeś tego quizu